[Event "DEN-ch G7-1"]
[Site "Svendborg"]
[Date "2019.04.20"]
[Round "5"]
[White "Sterup, Sebastian"]
[Black "Jepsen, Thomas Tange"]
[Result "1/2-1/2"]
[WhiteElo "2027"]
[BlackElo "2115"]
[PlyCount "142"]
[EventDate "2019.04.16"]
[EventType "swiss"]
[EventRounds "7"]
[EventCountry "DEN"]
[SourceTitle "EXT 2020"]
[Source "ChessBase"]
[SourceDate "2019.10.17"]
[SourceVersion "1"]
[SourceVersionDate "2019.10.17"]
[SourceQuality "1"]

1. d4 d5 2. c4 c6 3. Nf3 Nf6 4. e3 Bf5 5. Qb3 Qc7 6. Nc3 e6 7. Nh4 Be4 8. cxd5 Bxd5 9. Nxd5 cxd5 10. Bd3 Be7 11. 0-0 0-0 12. Nf3 Nc6 13. Bd2 Ne4 14. Be1 Bd6 15. Rc1 Rfc8 16. g3 f5 17. Nd2 a6 18. f4 b5 19. Nb1 Qb7 20. Rc2 Ne7 21. Nc3 Nxc3 22. Bxc3 b4 23. a3 a5 24. a4 Qa7 25. Bd2 Rxc2 26. Qxc2 Rc8 27. Qb3 Rc7 28. Kf2 Nc8 29. Qd1 Nb6 30. b3 Nd7 31. g4 g6 32. gxf5 exf5 33. Rg1 Kh8 34. Bc1 Nf6 35. Bb2 Qb7 36. h3 Qc8 37. Qd2 Be7 38. Rc1 Nh5 39. Rxc7 Bh4+ 40. Kg2 Qxc7 41. Be2 Nf6 42. Qd3 Qc6 43. Bf3 Kg8 44. Kf1 Kf7 45. Ke2 Ne4 46. Kf1 Nf6 47. Ke2 Ke6 48. Kd2 Kd6 49. Qc2 Qxc2+ 50. Kxc2 Ke6 51. Kd1 h6 52. Bc1 g5 53. Bd2 Bg3 54. Ke2 g4 55. Bg2 h5 56. Kf1 gxh3 57. Bxh3 Ne4 58. Ke2 Bh4 59. Bg2 Nf6 60. Bh3 Ng4 61. Bg2 Be7 62. Bh3 Bh4 63. Bg2 Bg3 64. Bh3 h4 65. Bg2 Nf6 66. Bh3 Ne4 67. Bg2 Nf6 68. Bh3 Nd7 69. Bg2 Nb6 70. Bh3 Kf6 71. Bg2 Ke6 1/2-1/2